000 00573nam a22001932 4500
001 0000009780
005 20151217155844.0
008 081127s xx 000 0 eng d
040 _aKABU
_cKABU
100 1 _aSnow-White, K. H. A. Akilimali.
_@0000161560
245 1 0 _aDiwani ya akilimali /
_cK. H. A. Akilimali Snow-White.
250 _a1st ed.
260 _aNairobi :
_bE. A. L. B.,
_c1963.
300 _aiv, 79 p.
650 0 _aSwahili poetry.
_@0000152144
852 1 _9p200 KES
908 _a081127
950 _@1
999 _c13298
_d13298